Subversive words: Public opinion in eighteenth century France (Record no. 10608)

MARC details
000 -LEADER
fixed length control field 00417nam a2200157Ia 4500
008 - FIXED-LENGTH DATA ELEMENTS--GENERAL INFORMATION
fixed length control field 230917s9999||||xx |||||||||||||| ||und||
020 ## - ISBN
Price Rs. 329.00
040 ## - CATALOGING SOURCE
-- 5014411
Original cataloging agency VIVEKANANDA LIBRARY
041 ## - Language
-- English
082 ## - DDC NUMBER
Classification number 944.034 F224S
100 ## - MAIN ENTRY--PERSONAL NAME
Personal name Farge, Arlette
245 #0 - TITLE STATEMENT
Title Subversive words: Public opinion in eighteenth century France
260 ## - PUBLICATION, DISTRIBUTION, ETC. (IMPRINT)
Place of publication, distribution, etc France
Name of publisher, distributor, etc Polity Press
Date of publication, distribution, etc 1994
300 ## - PHYSICAL DESCRIPTION
Pages ix, 219 p.
942 ## - ADDED ENTRY ELEMENTS (KOHA)
Koha item type Books
Holdings
Withdrawn status Lost status Damaged status Not for loan Location (home branch) Sublocation or collection (holding branch) Date acquired Koha issues (times borrowed) Koha full call number Accession No. Koha date last seen Koha item type
        VIVEKANANDA LIBRARY VIVEKANANDA LIBRARY 17/05/2023   944.034 F224S 313777 17/09/2023 Books
© Designed and Maintained by Vivekananda Library, MDU Rohtak